| 000 | 01225 a2200373 4500 | ||
|---|---|---|---|
| 999 |
_c77673 _d14851 |
||
| 001 | 77673 | ||
| 003 | TR-AnTOB | ||
| 005 | 20240919155231.0 | ||
| 008 | 100713s1987 tu 000 0 | ||
| 040 |
_aTR-AnTOB _cTR-AnTOB |
||
| 041 | _aeng | ||
| 050 | 1 | 4 |
_aDS54.9 _bT875 1987 |
| 090 | _aDS54.9 T875 1987 | ||
| 245 | 4 | _aThe Turkish Cypriot yearbook of international relations, 1987 | |
| 264 | 1 |
_aİstanbul, Turkey : _bGelişim Yayınları, _c1987 |
|
| 300 |
_a142s.; _c22 cm. |
||
| 336 |
_2rdacontent _atext _btxt |
||
| 337 |
_2rdamedia _aunmediated _bn |
||
| 338 |
_2rdacarrier _avolume _bnc |
||
| 490 | 0 | _aGelişim Yayınları. | |
| 500 | _aDescription based on:1987,1. | ||
| 590 | _aSayın Metin Çetin tarafından bağışlanmıştır. | ||
| 651 | 0 |
_aYunanistan _xDış ilişkiler _zKıbrıs _917220 |
|
| 651 | 0 |
_aGreece _xForeign relations _zCyprus _917222 |
|
| 651 | 0 |
_aCyprus _xHistory _yCyprus Crisis, 1974- _944047 |
|
| 651 | 0 |
_aTurkey _xForeign relations _zGermany _928613 |
|
| 651 | 7 |
_aTürkiye _xDış ilişkiler _zAlmanya _2etuturkob _928616 |
|
| 902 | _a29318 | ||
| 903 | _aMerkez Kütüphane | ||
| 910 | _aSayın Metin Çetin tarafından bağış yapılmıştır. | ||
| 942 |
_cBK _2lcc |
||
| 945 | _ago | ||